000 00300 a2200145 4500
001 150065
040 _cEscola São Tomás de Aquino
100 _aPAES, José Paulo
240 1 0 _aLé com cré
_lpor
245 1 0 _aLé com cré
300 _a32
362 0 _a2012
697 _aPoesia
942 _cBK
999 _c150065
_d150065